000 00821nam a2200265 i 4500
001 bg
100 1 _aBĘZA, Stanisław
245 1 0 _aBlickpunkt Wirtschaft.1 /
_cStanisław Bęza ; konsultacja nauk. Anke Kleinschmidt.
250 _a[Wyd.1, dodr.].
260 _aWarszawa :
_b"Poltext",
_c2004.
300 _a396 s. :
_bil., mapy ;
_c24 cm.
504 _aBibliogr.
650 9 _aJęzyk niemiecki
650 9 _aNauki ekonomiczne
_xsłownictwo
655 _aPodręczniki
700 1 _aKLEINSCHMIDT, Anke.
_eOprac.
020 _a8388840010 (cz. 1)
040 _cBPK
041 0 _agerpol
080 _a811.112.2(07):33
920 _a83-88840-01-0 (cz. 1)
942 _cKS
008 s pl f |000 0 pol
999 _c45054
_d45054
856 _uhttp://koha.tu.koszalin.pl/cgi-bin/koha/opac-detail.pl?biblionumber=45054
_yKatalog online BPK